Ausstellung Volksschauspiel in Österreich : Katalog /
Saved in:
| Main Author: | |
|---|---|
| Corporate Author: | |
| Format: | Book |
| Language: | German |
| Published: |
Wien :
Museum für Volkskunde,
1946.
|
| Subjects: | |
| Tags: |
Add Tag
No Tags, Be the first to tag this record!
|
| LEADER | 00972nam a2200277Ia 4500 | ||
|---|---|---|---|
| 001 | 006830238-X | ||
| 005 | 20020606163548.3 | ||
| 008 | 881011s1946 au cb 000 0 ger d | ||
| 035 | 0 | |a ocm18594248 | |
| 040 | |a NOC |c NOC |d HLS | ||
| 043 | |a e-au--- | ||
| 050 | 4 | |a PT3821 |b .S35 1946 | |
| 090 | |a PT3821 |b .S35 1946 | ||
| 100 | 1 | |a Schmidt, Leopold, |d 1912-1981. | |
| 245 | 1 | 0 | |a Ausstellung Volksschauspiel in Österreich : |b Katalog / |c [Ausstellung und Katalog besorgte Leopold Schmidt]. |
| 246 | 3 | |a Volksschauspiel in Österreich. | |
| 260 | |a Wien : |b Museum für Volkskunde, |c 1946. | ||
| 300 | |a 50 p. ; |c 23 cm. | ||
| 500 | |a Exhibition in the Museum für Volkskunde, Vienna, March 3 to May 31, 1946. | ||
| 504 | |a Bibliography: p. 42-50. | ||
| 650 | 0 | |a Folk drama, German |z Austria |v Exhibitions. | |
| 650 | 0 | |a Folk art |z Austria |v Exhibitions. | |
| 655 | 7 | |a Exhibition catalogs. |2 fast | |
| 710 | 2 | |a Österreichisches Museum für Volkskunde. | |
| 988 | |a 20020608 | ||
| 906 | |0 OCLC | ||


